00521cam a22001698c 450000500170000002000180001704100080003508200150004310000260005824501040008426000400018830000290022850400200025765000240027765000210030165000290032220260416180334.0 a9781394304059 aENG00a650.1bKAR1 aKarra Sillaman, Neri,10aPioneers :b8 principles of business longevity from immigrant entrepreneurs /cNeri Karra Sillaman. aUnited State :bJohn Wiley ,c2025. axiv, 238 pages ;c24 cm. aIncludes index. 0aSuccess in business 0aEntrepreneurship 0aNew business enterprises